000 00704nam a2200253 a 4500
005 20140310183158.0
008 021107s19uu xx 00 eng d
020 _a9789715842976
050 _aRA 422.5
_b.Ar668 1999
100 _aArcaina, Arnold F.D.
245 _aA Learning guide for allied health students towards community health development /
_cArnold F.D. Arcaina.
260 _aManila. Philippines :
_bC & E Publishing,
_c1999.
300 _a100 p. :
_c26 cm.
521 _aNUR
650 _aCommunity Health.
942 _cBK
_2lcc
_kLOC
999 _c19807
_d19807